Name a valid European Melee player who... - Statistics

General Stats
  • This quiz has been taken 5 times
    4 since last reset
  • The average score is 8 of 10
Answer Stats
Letter Player % Correct
Internationally Commentated an American Major BigMaks | Fauster | Chelly | Armada
100%
Has won a Supermajor Leffen | Armada
100%
Was ranked top 100 from Germany Nicki | Rikzz | kins0 | Ice | reaper
100%
Is 6'7 and mains Falco Benjibob | Frenzy
75%
Was Ranked in UK+IE BUT From another country Dev | Fred Melee | Nobody | Bonjwa | Isdsar
75%
Whose tag is a palindrome on EURank 2025 GG | пooп
75%
Was ranked #1 in France ILikeTurtles | I4 | raoul | Mahie | Tekk | Baxon
75%
Was European ranked WITH Samus Jacob | Daydee
75%
Beat Cody Schwab BEFORE 2020 Little Bear | Professor Pro | Trif
75%
Showed Ludwig his meme compilation at Fête 2019 Pjon
50%
No matching quizzes found
Score Distribution
Percent of People with Each Score
Percentile by Number Answered
Your Score History
You have not taken this quiz since the last reset